书目信息 |
| 题名: |
工作DNA
|
|
| 作者: | 郝明义 著 | |
| 分册: | ||
| 出版信息: | 海口 海南出版社 2007.01 |
|
| 页数: | 264页 | |
| 开本: | 20cm | |
| 丛书名: | ||
| 单 册: | ||
| 中图分类: | B026 | |
| 科图分类: | ||
| 主题词: | 工作方法--gong zuo fang fa--通俗读物 | |
| 电子资源: | ||
| ISBN: | 7-5443-1951-2 | |
| 000 | 00885nam0 2200241 450 | |
| 001 | 012008390919 | |
| 005 | 20080508102438.73 | |
| 010 | @a7-5443-1951-2@dCNY23.80 | |
| 100 | @a20080508d2007 em y0chiy0120 ea | |
| 101 | 0 | @achi |
| 102 | @aCN@b460000 | |
| 105 | @aa z 000yy | |
| 106 | @ar | |
| 200 | 1 | @a工作DNA@Agong zuo DNA@e鸟、骆驼和鲸鱼的故事@f郝明义著@Fhao ming yi zhu |
| 210 | @a海口@c海南出版社@d2007.01 | |
| 215 | @a264页@c图@d20cm | |
| 330 | @a这是一本有着古典的职业理想与教化情怀的著作,很适合给职业经理人和一般职员阅读。它告诉人们怎样看待工作,如何开始第一个工作,工作中需要的几个基本功等,给人们朴素而敏锐的工作启示。 | |
| 517 | 1 | @a鸟、骆驼和鲸鱼的故事@Aniao、luo tuo he jing yu de gu shi |
| 606 | 0 | @a工作方法@Agong zuo fang fa@j通俗读物 |
| 690 | @aB026@v4 | |
| 701 | 0 | @a郝明义@Ahao ming yi@4著 |
| 801 | 0 | @aCN@bQSSK@c20080508 |
| 905 | @b706606-07@dB026@eH142@f2 | |
| 工作DNA:鸟、骆驼和鲸鱼的故事/郝明义著.-海口:海南出版社,2007.01 |
| 264页:图;20cm |
| ISBN 7-5443-1951-2:CNY23.80 |
| 这是一本有着古典的职业理想与教化情怀的著作,很适合给职业经理人和一般职员阅读。它告诉人们怎样看待工作,如何开始第一个工作,工作中需要的几个基本功等,给人们朴素而敏锐的工作启示。 |
| ● |
| 相关链接 |
|
|
|
正题名:工作DNA
索取号:B026/H142
 
预约/预借
| 序号 | 登录号 | 条形码 | 馆藏地/架位号 | 状态 | 备注 |
| 1 | 706606 | 207066066 | 社科库509/509社科库 7排2列6层/ [索取号:B026/H142] | 在馆 | |
| 2 | 706607 | 207066075 | 社科库509/509社科库 7排2列6层/ [索取号:B026/H142] | 在馆 |